00217nam a2200085Ia 4500008004100000100001500041245003500056260003100091300000900122190216s9999||||xx |||||||||||||| ||und|| aTandom B N 0aManual Of Secretarial Practice bNm Thripathi Pvt Ltdc1979 a476p